Loading...

Men who killed Gandhi

Bibliographic Details
Main Author: Manohar Malgonkar
Format: Printed Book
Published: Delhi Macmillan & Co. of India Ltd. 1978
Subjects:
LEADER 00457nam a2200157 4500
082 |a 954.04 MAN-M 
100 |a Manohar Malgonkar 
245 |a Men who killed Gandhi 
250
260 |a Delhi  |b Macmillan & Co. of India Ltd.  |c 1978 
300
490
650 |a Modern History-India 
942 |c BK 
999 |c 222791  |d 222791 
952 |0 0  |1 0  |4 0  |6 954_040000000000000_MANM  |7 0  |9 236924  |a SDE  |b SDE  |d 2019-12-12  |l 0  |o 954.04 MAN-M  |p SDE2076  |r 2019-12-12  |w 2019-12-12  |y BK